[Event "Olomouc Chess Summer 2011 - Open Olomouc"]
[Site "Olomouc"]
[Date "2011.08.07"]
[Round "4.13"]
[White "Ouadi, Wahbi"]
[Black "Rey, Fabrice"]
[Result "0-1"]
[WhiteElo "1933"]
[BlackElo "2116"]
[PlyCount "117"]
[EventDate "2011.08.04"]

1. e4 c6 2. f4 d5 3. e5 Bf5 4. Nf3 e6 5. d4 c5 6. c3 Nc6 7. Bd3 Bxd3 8. Qxd3
Qb6 9. O-O Nh6 10. Na3 cxd4 11. cxd4 Nf5 12. Nc2 h5 13. Kh1 Be7 14. Bd2 Rc8 15.
Bc3 g6 16. Ne3 Nxe3 17. Qxe3 Qa6 18. Qd2 Rc7 19. a4 Qb6 20. Rfc1 O-O 21. Qe3
Rfc8 22. f5 exf5 23. e6 Nd8 24. exf7+ Nxf7 25. Re1 Bf6 26. Qd2 Re7 27. Rxe7
Bxe7 28. Re1 Bf6 29. Ne5 Bxe5 30. dxe5 Qe6 31. Qd4 b6 32. Rd1 Rd8 33. a5 Rd7
34. axb6 axb6 35. h4 Nh6 36. Ra1 Ng4 37. Ra6 Rb7 38. Ra8+ Kf7 39. Qb4 Qe7 40.
e6+ Kxe6 41. Qf4 Qxh4+ 42. Kg1 Re7 43. Rf8 d4 44. Bb4 Rd7 45. Rb8 Kf7 46. Rxb6
Qd8 47. Rc6 Qa8 48. Rc1 Qe4 49. Qf1 Qe3+ 50. Kh1 Qe5 51. Qc4+ Kg7 52. Kg1 Qe3+
53. Kh1 Nf2+ 54. Kh2 Nd3 55. Qc8 Rf7 56. Bc5 Nxc1 57. Qd8 Ne2 58. b4 Qg3+ 59.
Kh1 0-1

[Event "Olomouc Chess Summer 2011 - Open Olomouc"]
[Site "Olomouc"]
[Date "2011.08.07"]
[Round "4.14"]
[White "Stehlik, Jiri"]
[Black "Blazeka, Matej"]
[Result "1/2-1/2"]
[WhiteElo "2015"]
[BlackElo "2213"]
[PlyCount "60"]
[EventDate "2011.08.04"]

1. c4 e5 2. Nc3 d6 3. g3 g6 4. Bg2 Bg7 5. e4 Nc6 6. Nge2 f5 7. d3 Nf6 8. O-O
O-O 9. Rb1 Rb8 10. Nd5 Ne7 11. Be3 b6 12. Nxf6+ Bxf6 13. Bh6 Bg7 14. Qd2 c6 15.
Bxg7 Kxg7 16. d4 fxe4 17. dxe5 dxe5 18. Qc3 Qc7 19. Bxe4 Bf5 20. f3 Bxe4 21.
fxe4 Kg8 22. Rbd1 Rxf1+ 23. Kxf1 Rf8+ 24. Kg2 c5 25. Qd3 Qc6 26. Nc3 Qf6 27.
Rf1 Qxf1+ 28. Qxf1 Rxf1 29. Kxf1 Nc6 30. Nb5 Kf7 1/2-1/2

[Event "Olomouc Chess Summer 2011 - Open Olomouc"]
[Site "Olomouc"]
[Date "2011.08.07"]
[Round "4.15"]
[White "Sikora-Lerch, Jan"]
[Black "Rydl, Jiri"]
[Result "1-0"]
[WhiteElo "2210"]
[BlackElo "2007"]
[PlyCount "86"]
[EventDate "2011.08.04"]

1. c4 e6 2. g3 Nf6 3. Bg2 d5 4. Nf3 Be7 5. O-O O-O 6. b3 c5 7. Bb2 d4 8. e3 Nc6
9. exd4 cxd4 10. d3 Qb6 11. Re1 Nd7 12. Na3 Bf6 13. Nb5 Nc5 14. Nd6 Rd8 15.
Nxc8 Raxc8 16. Bf1 a5 17. Bc1 a4 18. Bg5 axb3 19. Bxf6 gxf6 20. Rb1 Ra8 21.
axb3 Ra2 22. Nd2 f5 23. Qh5 f6 24. Qh6 Ne5 25. Qxf6 Rf8 26. Qg5+ Ng6 27. b4 Nd7
28. c5 Qd8 29. Qxd8 Rxd8 30. Nc4 Ndf8 31. Bg2 Rd7 32. Ra1 Rc2 33. Ra7 Rxc4 34.
dxc4 Ne7 35. Rxb7 Kf7 36. b5 Rd8 37. c6 d3 38. Rd1 e5 39. c7 Rc8 40. Rxd3 e4
41. Rd8 Ke6 42. b6 Nd7 43. Rb8 Nxb8 1-0

[Event "Olomouc Chess Summer 2011 - Seniors Open"]
[Site "Olomouc (CZE), Hotel Sigma"]
[Date "2011.08.07"]
[Round "4.1"]
[White "Golcman, Evgeny"]
[Black "Sejkora, Vlastimil"]
[Result "1-0"]
[WhiteElo "2291"]
[BlackElo "2212"]
[PlyCount "67"]
[EventDate "2011.08.04"]

1. c4 Nf6 2. Nc3 g6 3. e4 d6 4. d4 Bg7 5. f4 O-O 6. Nf3 c5 7. dxc5 Qa5 8. Bd3
Qxc5 9. Qe2 Bg4 10. Be3 Bxf3 11. Qxf3 Qb4 12. O-O Nc6 13. g4 g5 14. Nd5 Qxb2
15. e5 Nxd5 16. cxd5 Nb4 17. Rab1 Nxd3 18. Rxb2 Nxb2 19. fxg5 Bxe5 20. Qe4 Rac8
21. Rf3 Nc4 22. Rh3 f5 23. gxf6 Rf7 24. Bg5 exf6 25. Bf4 Rcc7 26. Rg3 b5 27.
Bxe5 fxe5 28. g5 Rf1+ 29. Kg2 Rcf7 30. g6 R7f2+ 31. Kh3 h6 32. g7 Rf5 33. Qh4
Rg5 34. Rxg5 1-0

[Event "Olomouc Chess Summer 2011 - Seniors Open"]
[Site "Olomouc (CZE), Hotel Sigma"]
[Date "2011.08.07"]
[Round "4.2"]
[White "Travnicek, Petr"]
[Black "Hajek, Jaroslav"]
[Result "1/2-1/2"]
[WhiteElo "2166"]
[BlackElo "1948"]
[PlyCount "59"]
[EventDate "2011.08.04"]

1. d4 Nf6 2. Nf3 e6 3. Bf4 b6 4. Nbd2 Bb7 5. e3 Be7 6. h3 O-O 7. Bd3 d5 8. c3
c5 9. Qe2 Nbd7 10. O-O Rc8 11. Rad1 Ne4 12. Ne5 Nxd2 13. Rxd2 f5 14. Nxd7 Qxd7
15. Be5 c4 16. Bb1 Bf6 17. f4 Bc6 18. Kh2 Qe7 19. Rg1 Kh8 20. g4 g6 21. gxf5
gxf5 22. Qe1 Bxe5 23. fxe5 Rg8 24. Rdg2 Rxg2+ 25. Rxg2 Rg8 26. Rxg8+ Kxg8 27.
Qg3+ Kh8 28. Bc2 Be8 29. Bd1 h6 30. h4 1/2-1/2

[Event "Olomouc Chess Summer 2011 - Seniors Open"]
[Site "Olomouc (CZE), Hotel Sigma"]
[Date "2011.08.07"]
[Round "4.3"]
[White "Hermansen, Henning W"]
[Black "Zoltek, Tadeusz"]
[Result "0-1"]
[WhiteElo "2005"]
[BlackElo "2163"]
[PlyCount "60"]
[EventDate "2011.08.04"]

1. d4 d5 2. Nf3 Nf6 3. e3 e6 4. Bd3 c5 5. c3 Nc6 6. O-O Bd6 7. Nbd2 O-O 8. dxc5
Bxc5 9. e4 Qc7 10. Qc2 h6 11. Re1 Ng4 12. Re2 b5 13. Nb3 Nce5 14. Nxe5 Qxe5 15.
g3 Qh5 16. h4 Bb6 17. Nd4 e5 18. Nf5 Bxf5 19. exf5 a6 20. Rd2 e4 21. Bf1 Qxf5
22. Bh3 Qf3 23. Bxg4 Qxg3+ 24. Kf1 Qxg4 25. Rxd5 Qh3+ 26. Kg1 Qg4+ 27. Kf1 Rad8
28. c4 bxc4 29. Qxc4 Rxd5 30. Qxd5 Rd8 0-1

[Event "Olomouc Chess Summer 2011 - Open Olomouc"]
[Site "Olomouc"]
[Date "2011.08.07"]
[Round "5.1"]
[White "Bryzgalin, Kirill"]
[Black "Szymanski, Marcin"]
[Result "0-1"]
[WhiteElo "2469"]
[BlackElo "2410"]
[PlyCount "96"]
[EventDate "2011.08.04"]

1. e4 e6 2. d4 d5 3. Nd2 Nf6 4. e5 Nfd7 5. Bd3 c5 6. c3 Nc6 7. Ne2 Qb6 8. Nf3
f6 9. exf6 Nxf6 10. O-O Bd6 11. Rb1 O-O 12. Bf4 Bxf4 13. Nxf4 cxd4 14. cxd4 Ne4
15. Nh5 e5 16. dxe5 Bg4 17. Be2 Rad8 18. Ng3 Nxe5 19. Nd4 Bxe2 20. Ngxe2 Ng4
21. f3 Ne3 22. Qd3 Nxf1 23. fxe4 Qf6 24. Nf5 Nd2 25. Qxd2 dxe4 26. Nfd4 Qf2+
27. Kh1 Rxd4 28. Qxd4 Qxe2 29. h3 e3 30. Kh2 Qd2 31. Qxd2 exd2 32. Rd1 Rd8 33.
Kg3 Kf7 34. Kf3 Kf6 35. Ke2 Ke5 36. Rxd2 Rxd2+ 37. Kxd2 Kf4 38. Ke2 Ke4 39. Kd2
Kf4 40. Ke2 Kg3 41. Kf1 b5 42. Kg1 b4 43. Kf1 a5 44. b3 h5 45. Kg1 g5 46. Kf1
Kh2 47. Kf2 g4 48. h4 Kh1 0-1

[Event "Olomouc Chess Summer 2011 - Open Olomouc"]
[Site "Olomouc"]
[Date "2011.08.07"]
[Round "5.2"]
[White "Johansson, Jan"]
[Black "Gunajew, Rafal"]
[Result "1-0"]
[WhiteElo "2397"]
[BlackElo "2258"]
[PlyCount "79"]
[EventDate "2011.08.04"]

1. d4 d5 2. Nf3 c6 3. c4 e6 4. Nc3 dxc4 5. a4 Bb4 6. e3 b5 7. Bd2 a5 8. axb5
Bxc3 9. Bxc3 cxb5 10. b3 Bb7 11. bxc4 b4 12. Bb2 Nf6 13. c5 O-O 14. Bb5 Qd5 15.
O-O Nc6 16. Qe2 Ne7 17. Rfc1 Rfc8 18. Qf1 Bc6 19. Ne5 Bxb5 20. Qxb5 Rcb8 21.
Qa4 Qe4 22. Qb3 Nf5 23. Re1 Qh4 24. e4 Ne7 25. g3 Qh3 26. f3 Nh5 27. Re2 Nf6
28. Bc1 Qh5 29. Rea2 Rb5 30. Kg2 h6 31. Qd3 b3 32. Qxb5 bxa2 33. Rxa2 Rf8 34.
Rxa5 Ng6 35. c6 Nxe4 36. fxe4 Qd1 37. Be3 Nxe5 38. Qxe5 Qc2+ 39. Bf2 Qxc6 40.
d5 1-0

[Event "Olomouc Chess Summer 2011 - Open Olomouc"]
[Site "Olomouc"]
[Date "2011.08.07"]
[Round "5.3"]
[White "Cagasik, Tomas"]
[Black "Rojicek, Vojtech"]
[Result "1/2-1/2"]
[WhiteElo "2255"]
[BlackElo "2396"]
[PlyCount "32"]
[EventDate "2011.08.04"]

1. e4 c5 2. Na3 d6 3. c3 Nf6 4. Nf3 g6 5. Bb5+ Bd7 6. Qb3 Bxb5 7. Qxb5+ Qd7 8.
e5 dxe5 9. Nxe5 Qxb5 10. Nxb5 Na6 11. O-O Bg7 12. d3 h6 13. Bf4 Rd8 14. Rad1
Nd5 15. Bg3 Nb8 16. d4 a6 1/2-1/2

[Event "Olomouc Chess Summer 2011 - Open Olomouc"]
[Site "Olomouc"]
[Date "2011.08.07"]
[Round "5.5"]
[White "Kireev, Aleksei"]
[Black "Hobusch, Alexander"]
[Result "1-0"]
[WhiteElo "2360"]
[BlackElo "2133"]
[PlyCount "145"]
[EventDate "2011.08.04"]

1. d4 d5 2. Bg5 h6 3. Bh4 c6 4. c3 Qb6 5. Qb3 Bf5 6. Nd2 Nd7 7. Ngf3 e6 8. e3
Be7 9. Bxe7 Nxe7 10. Be2 O-O 11. O-O Qxb3 12. axb3 a6 13. b4 Rad8 14. Nb3 Nc8
15. Nc5 Nd6 16. Nd2 Rfe8 17. Ndb3 Re7 18. Na5 Nb8 19. Na4 Bc2 20. Rfc1 Bxa4 21.
Rxa4 Nd7 22. Bxa6 Nb6 23. Ra2 Ra8 24. Bd3 Ree8 25. Rca1 Kf8 26. Kf1 Ra7 27. Ke2
Rea8 28. Ra3 Nbc8 29. f3 Ne7 30. e4 b6 31. Nb3 Rxa3 32. Rxa3 Rxa3 33. bxa3 Nb5
34. Bxb5 cxb5 35. Nd2 f6 36. Kd3 Nc6 37. exd5 exd5 38. Nf1 Ke7 39. Ne3 Ke6 40.
Kc2 f5 41. g3 Ne7 42. Kb3 Kd6 43. a4 Kc6 44. Ng2 Ng6 45. Ka3 Kd6 46. h4 h5 47.
axb5 Ke6 48. Kb3 Kd6 49. Kc2 Ke6 50. Kd3 Kf6 51. Ke3 Ne7 52. Nf4 g5 53. hxg5+
Kxg5 54. Ne6+ Kg6 55. Kf2 Kf6 56. Nf4 Kg5 57. Nh3+ Kg6 58. Kg2 Kf6 59. Nf4 Kg5
60. Ne6+ Kf6 61. Nc7 Kg5 62. Kh3 Kh6 63. f4 Kg6 64. Kg2 Kh6 65. Kf3 Kg6 66. Ke3
h4 67. gxh4 Kh5 68. Kd3 Kg4 69. Ne6 Ng6 70. c4 dxc4+ 71. Kxc4 Nxf4 72. Nxf4
Kxf4 73. d5 1-0

[Event "Olomouc Chess Summer 2011 - Open Olomouc"]
[Site "Olomouc"]
[Date "2011.08.07"]
[Round "5.6"]
[White "Rey, Fabrice"]
[Black "Ageichenko, Gennadi A"]
[Result "0-1"]
[WhiteElo "2116"]
[BlackElo "2356"]
[PlyCount "130"]
[EventDate "2011.08.04"]

1. d4 Nf6 2. c4 e6 3. g3 c5 4. Nf3 d5 5. cxd5 exd5 6. Bg2 Nc6 7. O-O Be7 8. Nc3
O-O 9. b3 Ne4 10. Bb2 Bf6 11. Rc1 Nxd4 12. Nxd4 Bxd4 13. e3 Bxc3 14. Bxc3 Be6
15. Bxe4 dxe4 16. Qh5 Qd5 17. Qh4 Qf5 18. Rfd1 Qg4 19. Qe7 b6 20. Rd6 Rae8 21.
Qxa7 Qf3 22. Rxe6 Rxe6 23. Qd7 h5 24. h4 Qe2 25. a4 Qd3 26. Qc7 Qd5 27. a5 Qxb3
28. axb6 Qxb6 29. Qf4 Ree8 30. Qg5 Qg6 31. Qxc5 Rc8 32. Qa3 Rfd8 33. Bd4 Rxc1+
34. Qxc1 Qg4 35. Qc2 Rc8 36. Bc3 Qd7 37. Qb2 Qd3 38. Bxg7 Qd1+ 39. Kh2 Rc1 40.
Qb8+ Kxg7 41. Qe5+ Kf8 42. Qb8+ Ke7 43. Qe5+ Kd8 44. Qf6+ Kc8 45. Qa6+ Kd7 46.
Qa7+ Ke6 47. Qb6+ Qd6 48. Qb3+ Qd5 49. Qb8 Kd7 50. Qa7+ Rc7 51. Qa4+ Ke7 52.
Qb4+ Ke8 53. Qb8+ Kd7 54. Qb4 Qf5 55. Qa4+ Ke7 56. Qb4+ Rc5 57. Qb7+ Kf8 58.
Qb8+ Kg7 59. Qb2+ Qf6 60. Qd2 Rb5 61. Qe1 Rb2 62. Kg1 Ra2 63. Kg2 Qf3+ 64. Kg1
Kh7 65. Qf1 Rd2 0-1

[Event "Olomouc Chess Summer 2011 - Open Olomouc"]
[Site "Olomouc"]
[Date "2011.08.07"]
[Round "5.7"]
[White "Rjabzev, Konstantin"]
[Black "Janyska, Pavel"]
[Result "1-0"]
[WhiteElo "2271"]
[BlackElo "2017"]
[PlyCount "101"]
[EventDate "2011.08.04"]

1. e4 c5 2. b3 Nc6 3. Bb2 e6 4. Bb5 Nd4 5. Bd3 e5 6. Ne2 Nf6 7. O-O Be7 8. Nxd4
cxd4 9. c3 dxc3 10. dxc3 O-O 11. c4 d6 12. Nc3 Bd7 13. a4 Bc6 14. h3 Qb6 15. a5
Qc7 16. Qe2 Nd7 17. b4 Nf6 18. Rfc1 Qd8 19. Rc2 Bd7 20. Bc1 Ne8 21. Nd5 f5 22.
exf5 Bxf5 23. Bxf5 Rxf5 24. Qe4 Rf7 25. a6 b6 26. Nxe7+ Rxe7 27. Bg5 Nf6 28.
Bxf6 gxf6 29. Rd1 Rc8 30. Qd5+ Kg7 31. c5 bxc5 32. bxc5 Rec7 33. c6 Qe7 34. Rd3
Rd8 35. Rb2 Kh8 36. Rb7 Rdc8 37. Qxd6 Qxd6 38. Rxd6 Rxc6 39. Rxc6 Rxc6 40. Rxa7
Rc1+ 41. Kh2 Ra1 42. h4 Ra3 43. h5 Kg8 44. h6 Kf8 45. g4 Kg8 46. Rg7+ Kf8 47.
a7 Ra2 48. Kg2 Ra4 49. Rb7 Rxg4+ 50. Kf3 Ra4 51. Rb8+ 1-0

[Event "Olomouc Chess Summer 2011 - Open Olomouc"]
[Site "Olomouc"]
[Date "2011.08.07"]
[Round "5.9"]
[White "Navratil, Jiri"]
[Black "Sikora-Lerch, Jan"]
[Result "1/2-1/2"]
[WhiteElo "2043"]
[BlackElo "2210"]
[PlyCount "33"]
[EventDate "2011.08.04"]

1. e4 d5 2. exd5 Nf6 3. d4 Nxd5 4. c4 Nb6 5. Nf3 Bg4 6. Be2 e6 7. O-O Nc6 8.
Nc3 Be7 9. d5 exd5 10. cxd5 Bxf3 11. Bxf3 Ne5 12. Be4 O-O 13. Be3 Bf6 14. Qc2
h6 15. Rad1 Nbc4 16. Bf4 Nd6 17. Rfe1 1/2-1/2

[Event "Olomouc Chess Summer 2011 - Open Olomouc"]
[Site "Olomouc"]
[Date "2011.08.07"]
[Round "5.10"]
[White "Khadimov, Komil"]
[Black "Miskulin, Dennis"]
[Result "0-1"]
[WhiteElo "2040"]
[BlackElo "2208"]
[PlyCount "62"]
[EventDate "2011.08.04"]

1. e4 c5 2. Nf3 d6 3. d4 cxd4 4. Nxd4 Nf6 5. Nc3 a6 6. Be3 e5 7. Nb3 Be6 8. f3
Be7 9. Qd2 Nbd7 10. O-O-O O-O 11. g4 Qc7 12. Kb1 b5 13. g5 Nh5 14. Nd5 Bxd5 15.
exd5 Bd8 16. Bh3 Nb6 17. Qe1 Nc4 18. Bc1 Nf4 19. Bf5 g6 20. Bg4 Bxg5 21. h4 Bf6
22. h5 Rae8 23. Qe4 Bg7 24. hxg6 hxg6 25. Nd4 exd4 26. Qxf4 f5 27. Qh2 Ne3 28.
Qh7+ Kf7 29. Rh6 Qxc2+ 30. Ka1 fxg4 31. fxg4 Rh8 0-1

[Event "Olomouc Chess Summer 2011 - Open Olomouc"]
[Site "Olomouc"]
[Date "2011.08.07"]
[Round "5.11"]
[White "Kolasin, Jan"]
[Black "Oganian, Miran"]
[Result "0-1"]
[WhiteElo "2023"]
[BlackElo "2204"]
[PlyCount "88"]
[EventDate "2011.08.04"]

1. e4 c5 2. Nf3 Nc6 3. d4 cxd4 4. Nxd4 Qc7 5. Nc3 e6 6. Be3 Nf6 7. f3 a6 8. a3
Be7 9. Be2 O-O 10. O-O Rd8 11. f4 d6 12. Kh1 Nxd4 13. Qxd4 Bd7 14. Rad1 Bc6 15.
Qb6 Qxb6 16. Bxb6 Rdc8 17. Bf3 Nd7 18. Bd4 b5 19. Rfe1 a5 20. Nd5 Bd8 21. Ne3
Be7 22. Nd5 Bf8 23. Ne3 b4 24. Nc4 Bb5 25. Nxd6 Bxd6 26. e5 Bf8 27. Bxa8 Rxa8
28. axb4 axb4 29. Ra1 Rc8 30. c3 b3 31. Ra7 Nb8 32. Rb7 Bc4 33. Ra1 Nc6 34. Bb6
g5 35. Ra4 Bb5 36. Re4 Bd3 37. Ra4 gxf4 38. Rxf4 Bg6 39. Rc4 Ra8 40. Rxc6 Ra1+
41. Bg1 Be4 42. Rbc7 Bxc6 43. Rxc6 Bh6 44. Rc8+ Kg7 0-1

[Event "Olomouc Chess Summer 2011 - Open Olomouc"]
[Site "Olomouc"]
[Date "2011.08.07"]
[Round "5.12"]
[White "Yefimov, Mstislav"]
[Black "Hrabal, Michal"]
[Result "1/2-1/2"]
[WhiteElo "2127"]
[BlackElo "2045"]
[PlyCount "93"]
[EventDate "2011.08.04"]

1. d4 d6 2. c4 Nf6 3. Nc3 g6 4. Nf3 Bg7 5. Bg5 O-O 6. e3 Nbd7 7. Be2 c5 8. O-O
h6 9. Bh4 Rb8 10. Qc2 a6 11. Rad1 Qa5 12. Nd2 Qc7 13. d5 Re8 14. Bg3 Nf8 15. h3
Bd7 16. a4 Qa5 17. Ra1 Rbd8 18. e4 N6h7 19. Nb3 Qc7 20. Rfd1 g5 21. Bd3 Nf6 22.
e5 Nh5 23. exd6 exd6 24. Ne4 Bc8 25. Bh2 Be5 26. Re1 Kg7 27. Ng3 Nxg3 28. Bxg3
Bxg3 29. fxg3 Nd7 30. Nd2 Ne5 31. Qc3 Kg8 32. Ne4 Qe7 33. Bc2 f5 34. Nd2 Rf8
35. Nf3 Nxf3+ 36. gxf3 Qf7 37. f4 Rde8 38. Kh2 Qh5 39. Qd2 gxf4 40. gxf4 Kh8
41. Rxe8 Rxe8 42. Re1 Rxe1 43. Qxe1 Qf3 44. Qe8+ Kg7 45. Qe7+ Kg8 46. Qe8+ Kg7
47. Qe7+ 1/2-1/2

[Event "Olomouc Chess Summer 2011 - Open Olomouc"]
[Site "Olomouc"]
[Date "2011.08.07"]
[Round "5.14"]
[White "Farnault, Eric"]
[Black "Maly, Marek"]
[Result "1/2-1/2"]
[WhiteElo "2065"]
[BlackElo "1986"]
[PlyCount "51"]
[EventDate "2011.08.04"]

1. e4 d5 2. exd5 Nf6 3. d4 Nxd5 4. c4 Nb6 5. Nf3 Bg4 6. c5 N6d7 7. Bc4 e6 8. h3
Bh5 9. Be3 Be7 10. Nc3 O-O 11. O-O Nc6 12. a3 Bf6 13. g4 Bg6 14. Qe2 e5 15.
dxe5 Ncxe5 16. Rad1 Qc8 17. Nxe5 Nxe5 18. Nd5 Bd8 19. Bd4 Nxc4 20. Qxc4 c6 21.
Nf4 Bc7 22. Nxg6 hxg6 23. Qc3 f6 24. Rd3 Qe6 25. Re3 Qf7 26. Rfe1 1/2-1/2

[Event "Olomouc Chess Summer 2011 - Open Olomouc"]
[Site "Olomouc"]
[Date "2011.08.07"]
[Round "5.18"]
[White "Blazeka, Matej"]
[Black "Truman, Richard"]
[Result "1-0"]
[WhiteElo "2213"]
[BlackElo "1985"]
[PlyCount "57"]
[EventDate "2011.08.04"]

1. e4 e5 2. Nf3 Nc6 3. Bb5 a6 4. Ba4 Nf6 5. O-O Be7 6. Re1 b5 7. Bb3 O-O 8. c3
d6 9. h3 Na5 10. Bc2 c5 11. d4 Nd7 12. Nbd2 cxd4 13. cxd4 Nc6 14. Nf1 Nb6 15.
b3 Bf6 16. Bb2 Re8 17. Ne3 g6 18. Rc1 Bd7 19. Bb1 Rc8 20. Qd2 Bg7 21. Red1 exd4
22. Nxd4 Nxd4 23. Bxd4 Rxc1 24. Rxc1 Be5 25. Bxe5 dxe5 26. Qa5 Qb8 27. Qxa6 Re6
28. Qa5 Nc8 29. Qd8+ 1-0

[Event "Olomouc Chess Summer 2011 - Open Olomouc"]
[Site "Olomouc"]
[Date "2011.08.07"]
[Round "5.16"]
[White "Chudinovskikh, Alexander M"]
[Black "Stehlik, Jiri"]
[Result "1-0"]
[WhiteElo "2302"]
[BlackElo "2015"]
[PlyCount "111"]
[EventDate "2011.08.04"]

1. e4 c5 2. Nf3 Nc6 3. d4 cxd4 4. Nxd4 g6 5. c4 Bg7 6. Be3 Nf6 7. Nc3 O-O 8.
Be2 d6 9. O-O Bd7 10. Nc2 Rc8 11. h3 Na5 12. Na3 Nc6 13. Qd2 Be6 14. f4 b6 15.
Rad1 Qc7 16. b3 Qb8 17. Kh1 Rcd8 18. Bf3 Bc8 19. Qf2 Bb7 20. Nab5 Nd7 21. Ne2
a6 22. Nbc3 Ba8 23. Rd2 b5 24. cxb5 axb5 25. Rfd1 b4 26. Nd5 e6 27. Nb6 Nxb6
28. Bxb6 Rd7 29. Bc5 Rfd8 30. Bb6 Rc8 31. h4 Ne7 32. Bd4 Bxd4 33. Qxd4 d5 34.
Qf6 h5 35. Rd3 Kf8 36. Nd4 Rd6 37. e5 Rb6 38. g4 Ng8 39. Qg5 hxg4 40. Bxg4 Re8
41. h5 gxh5 42. Bxh5 Qd8 43. Rf1 Rb7 44. Rg3 Qxg5 45. fxg5 Kg7 46. Rgf3 Ree7
47. Kg1 Ra7 48. Rxf7+ Kh8 49. Nxe6 d4 50. Rxe7 Rxe7 51. Nf4 Kg7 52. e6 d3 53.
Nxd3 Rxe6 54. Rf7+ Kh8 55. Nf4 Ne7 56. Nxe6 1-0

[Event "Olomouc Chess Summer 2011 - Seniors Open"]
[Site "Olomouc (CZE), Hotel Sigma"]
[Date "2011.08.07"]
[Round "5.1"]
[White "Gosek, Zenon"]
[Black "Golcman, Evgeny"]
[Result "1/2-1/2"]
[WhiteElo "2059"]
[BlackElo "2291"]
[PlyCount "44"]
[EventDate "2011.08.04"]

1. e4 e5 2. Nf3 Nc6 3. Bb5 Nd4 4. Nxd4 exd4 5. O-O c6 6. Bc4 Nf6 7. e5 d5 8.
exf6 dxc4 9. Re1+ Be6 10. fxg7 Bxg7 11. d3 cxd3 12. Qxd3 Qd5 13. c4 Qh5 14. Bf4
Qg6 15. Qxg6 hxg6 16. Nd2 O-O 17. b3 Rad8 18. Rad1 Rfe8 19. Ne4 Kf8 20. Bd6+
Kg8 21. Bf4 Kf8 22. Nd6 Kg8 1/2-1/2

[Event "Olomouc Chess Summer 2011 - Seniors Open"]
[Site "Olomouc (CZE), Hotel Sigma"]
[Date "2011.08.07"]
[Round "5.2"]
[White "Zoltek, Tadeusz"]
[Black "Travnicek, Petr"]
[Result "1/2-1/2"]
[WhiteElo "2163"]
[BlackElo "2166"]
[PlyCount "40"]
[EventDate "2011.08.04"]

1. c4 e5 2. Nc3 Nc6 3. g3 g6 4. Bg2 Bg7 5. Nf3 Nge7 6. O-O O-O 7. d3 d6 8. Rb1
Bd7 9. b4 Qc8 10. b5 Nd8 11. Re1 Re8 12. a4 a6 13. Nd2 axb5 14. axb5 Ne6 15. b6
c6 16. Nde4 Qb8 17. Rb3 f5 18. Ng5 Nc5 19. Ra3 h6 20. Nh3 Nc8 1/2-1/2

[Event "Olomouc Chess Summer 2011 - Seniors Open"]
[Site "Olomouc (CZE), Hotel Sigma"]
[Date "2011.08.07"]
[Round "5.3"]
[White "Sejkora, Vlastimil"]
[Black "Puobis, Jozef"]
[Result "1-0"]
[WhiteElo "2212"]
[BlackElo "1945"]
[PlyCount "39"]
[EventDate "2011.08.04"]

1. e4 e5 2. Nf3 Nc6 3. Bb5 Nf6 4. d3 d6 5. Bxc6+ bxc6 6. h3 Be7 7. O-O O-O 8.
Nbd2 Ba6 9. Re1 c5 10. b3 Nd7 11. g4 Bc8 12. Nf1 g6 13. Bh6 Re8 14. Ng3 Nf8 15.
Bxf8 Rxf8 16. Qd2 Kg7 17. Kh2 Qd7 18. Rg1 h5 19. Nf5+ gxf5 20. gxf5+ 1-0